[Event "Visma Chess IM A"]
[Site "Vaxjo"]
[Date "2015.06.28"]
[Round "8"]
[White "Livner, Anders"]
[Black "Cederstam Barsk, Carl"]
[Result "1-0"]
[WhiteElo "2347"]
[BlackElo "2336"]

1.d4 Nf6 2.c4 g6 3.g3 Bg7 4.Bg2 O-O 5.Nf3 d6 6.O-O Nc6 7.Nc3 a6 8.b3 e5 9.
Bb2 Rb8 10.d5 Na5 11.Nd2 c5 12.dxc6 bxc6 13.Ba3 d5 14.Bxf8 Bxf8 15.cxd5 
cxd5 16.Nde4 Nxe4 17.Nxe4 Be6 18.Nc3 d4 19.Na4 Ba3 20.Qd3 Bd7 21.f4 Bb5 
22.Qe4 Bc6 23.Qd3 Bb5 24.Qd2 e4 25.Bxe4 Qe7 26.Bf3 Bb4 27.Qc2 Qe3+ 28.Rf2 
Re8 29.Kg2 Bd7 30.Rd1 Bh3+ 31.Kg1 Rc8 32.Qb2 Bf5 33.Qxd4 1-0

[Event "Visma Chess IM A"]
[Site "Vaxjo"]
[Date "2015.06.28"]
[Round "8"]
[White "Frisk, Ellinor"]
[Black "Rydstrom, Tom"]
[Result "0-1"]
[WhiteElo "2249"]
[BlackElo "2282"]

1.d4 Nf6 2.c4 b6 3.Nc3 Bb7 4.Qc2 e6 5.e4 Bb4 6.Bd3 c5 7.d5 exd5 8.exd5 b5 
9.Ne2 bxc4 10.Bxc4 O-O 11.O-O d6 12.Bg5 Nbd7 13.Ne4 Qe7 14.N2g3 Qe5 15.
Rad1 h6 16.f4 Qe7 17.Nxf6+ Nxf6 18.Nf5 Qd8 19.Bxh6 gxh6 20.a3 Ba5 21.Qb3 
Ne4 22.Qf3 Qf6 23.Qxe4 Rfe8 24.Qd3 Bc8 25.Ng3 Bg4 26.Rb1 Rab8 27.h3 Bd7 
28.b3 Bc3 29.Kh2 Bd4 30.Rf3 Kh8 31.Rbf1 Rg8 32.Ne4 Qe7 33.f5 Rbe8 34.Ng3 
Qe5 35.Kh1 Rg5 36.Ne2 Reg8 37.g3 Rh5 38.Kg2 Rgg5 39.Nxd4 cxd4 40.Rd1 Bxf5 
41.Rxf5 Rxf5 42.Qxd4 Rhg5 43.Qxe5+ Rxe5 44.b4 Re3 45.g4 Rxa3 46.Re1 h5 47.
Re7 hxg4 48.h4 Rf5 49.Rd7 g3 50.Rxd6 Rf2+ 0-1

[Event "Visma Chess IM B"]
[Site "Vaxjo"]
[Date "2015.06.28"]
[Round "8"]
[White "Rahul Kumar, Pune"]
[Black "Christiansen, Johan-Sebastian"]
[Result "0-1"]
[WhiteElo "2138"]
[BlackElo "2397"]

1.e4 c5 2.Nf3 d6 3.Nc3 Nf6 4.d4 cxd4 5.Nxd4 Bd7 6.Be2 e5 7.Nb3 Bc6 8.Bf3 
Be7 9.Be3 O-O 10.Qd2 a5 11.a3 Nbd7 12.Qe2 b5 13.Nxb5 Qb8 14.a4 Nxe4 15.Bd2
d5 16.Bxe4 dxe4 17.Nxa5 Qb6 18.Nxc6 Qxc6 19.Nc3 Rab8 20.b3 f5 21.Ra2 Nf6 
22.O-O f4 23.Nb5 Kh8 24.c4 f3 25.gxf3 exf3 26.Qxe5 Ne4 27.Bf4 Rxf4 28.Kh1 
Bd6 29.Nxd6 Qxd6 30.Qxd6 Nxd6 31.Rd1 Ne4 32.Rc2 Nc5 33.h3 h6 34.Kh2 Rxb3 
35.Rd8+ Kh7 36.Kg3 Rf6 37.Rc8 Ne4+ 38.Kg4 Rb1 39.h4 h5+ 40.Kh3 Rh1# 0-1

[Event "Visma Chess IM B"]
[Site "Vaxjo"]
[Date "2015.06.28"]
[Round "8"]
[White "Fries-Nielsen, Jens Ove"]
[Black "Drugge, Patrick"]
[Result "1-0"]
[WhiteElo "2442"]
[BlackElo "2175"]

1.d4 d5 2.Nc3 Nf6 3.Bf4 Bf5 4.f3 e6 5.g4 Bg6 6.h4 h6 7.e3 c5 8.Nb5 Na6 9.
c3 Be7 10.Bd3 Bxd3 11.Qxd3 Qb6 12.a4 Nd7 13.Ne2 c4 14.Qc2 e5 15.Bg3 O-O-O 
16.b3 Nc7 17.bxc4 dxc4 18.Rb1 Na8 19.Qa2 a6 20.Na3 Qc6 21.Nxc4 Qxf3 22.Rf1
Qd5 23.Qb3 b5 24.axb5 axb5 25.Qxb5 Qxb5 26.Rxb5 Nc7 27.Ra5 exd4 28.exd4 
Nf6 29.Bxc7 1-0

[Event "Visma Chess IM B"]
[Site "Vaxjo"]
[Date "2015.06.28"]
[Round "8"]
[White "Pohjala, Henri"]
[Black "Bellon Lopez, Juan Manuel"]
[Result "1-0"]
[WhiteElo "2404"]
[BlackElo "2374"]

1.d4 d5 2.Nf3 Nf6 3.e3 c6 4.c4 e6 5.Bd3 a6 6.O-O Nbd7 7.b3 Qc7 8.Bb2 g6 9.
Nbd2 Bg7 10.Ba3 Bf8 11.Qc1 Qa5 12.Bxf8 Kxf8 13.e4 Kg7 14.e5 Ne8 15.Re1 Qd8
16.Nf1 Rf8 17.h4 f6 18.exf6+ Ndxf6 19.Ng3 Ng4 20.Re2 Qf6 21.h5 Bd7 22.Qe1 
a5 23.Rd1 b6 24.hxg6 hxg6 25.Ne5 Nxe5 26.Rxe5 Nd6 27.Qe2 Rh8 28.Qg4 Kf7 
29.cxd5 cxd5 30.Rxd5 Rh4 31.Qxg6+ Qxg6 32.Bxg6+ Ke7 33.Re5 Kf6 34.Bb1 Bc6 
35.Re3 Bd5 36.f3 a4 37.Ne4+ Bxe4 38.fxe4 Nb5 39.e5+ Ke7 40.d5 exd5 41.Rxd5
Nc7 42.Rd6 axb3 43.Rxb3 Ra5 44.Rc6 Nd5 45.Rg3 Rb5 46.Bd3 Rc5 47.Rxc5 bxc5 
48.Bf5 Rf4 49.Bh3 c4 50.Rg7+ Kf8 51.Rd7 Rd4 52.Be6 c3 53.Bf5 Rd2 54.e6 Nf6
55.Rf7+ Ke8 56.Rxf6 c2 57.Bxc2 Rxc2 58.Rf2 Rc1+ 59.Kh2 Re1 60.a4 Rxe6 61.
Rf5 Ra6 62.a5 Ke7 63.Kg3 Ke6 64.Rb5 Kf7 65.Kf4 1-0

[Event "Visma Chess IM B"]
[Site "Vaxjo"]
[Date "2015.06.28"]
[Round "8"]
[White "Olofsson-Dolk, Mattis"]
[Black "Andersson, Tommy"]
[Result "1-0"]
[WhiteElo "2238"]
[BlackElo "2400"]

1.d4 Nf6 2.c4 e6 3.Nc3 c5 4.d5 exd5 5.cxd5 d6 6.e4 a6 7.a4 g6 8.Bd3 Bg7 9.
h3 O-O 10.Nge2 Re8 11.O-O c4 12.Bc2 Nbd7 13.Be3 Qc7 14.Ng3 b6 15.Qd2 Rb8 
16.f4 b5 17.axb5 axb5 18.Ra7 Qd8 19.e5 dxe5 20.f5 Rb7 21.fxg6 hxg6 22.Ra6 
b4 23.Nce4 Rb5 24.Rd6 Nh7 25.Ba4 Rb8 26.Nc5 Qe7 27.Nxd7 Ra8 28.Nb6 Rxa4 
29.Rc6 c3 30.bxc3 bxc3 31.Rxc3 Bd7 32.Rc7 Qh4 33.Rxd7 Nf6 34.Bg5 Qxg3 35.
Bxf6 Bxf6 36.Nxa4 Bg5 37.Qe2 Be3+ 38.Kh1 Bf4 39.Rxf4 Qxf4 40.Nc3 Rc8 41.
Qe1 Qb4 42.Qf2 Rf8 43.Qe3 Rc8 44.Ne4 Rc4 45.Qh6 Rxe4 46.Rd8+ Qf8 47.Rxf8# 
1-0

[Event "Visma Chess GM"]
[Site "Vaxjo"]
[Date "2015.06.28"]
[Round "9"]
[White "Tari, Aryan"]
[Black "Solodovnichenko, Yuri"]
[Result "0-1"]
[WhiteElo "2521"]
[BlackElo "2587"]

1.c4 c5 2.Nf3 Nf6 3.Nc3 e6 4.g3 b6 5.Bg2 Bb7 6.O-O Be7 7.d4 cxd4 8.Qxd4 
O-O 9.Rd1 d6 10.b3 Nbd7 11.e4 Qc8 12.Ba3 Nc5 13.e5 dxe5 14.Nxe5 Bxg2 15.
Kxg2 Qb7+ 16.f3 Rfd8 17.Qe3 h5 18.h3 a6 19.Rxd8+ Rxd8 20.Rd1 Rxd1 21.Nxd1 
Qc7 22.Nf2 h4 23.g4 Nfe4 24.Qf4 Bf6 25.Bxc5 Nxc5 26.Ned3 e5 27.Qf5 e4 28.
Nxc5 exf3+ 29.Kxf3 bxc5 30.Ne4 Bd4 31.Qg5 g6 32.Qxh4 Qh2 33.Nf2 Bxf2 34.
Qxf2 Qxh3+ 35.Kf4 f5 36.Qxc5 Qxg4+ 37.Ke5 f4 38.Qd5+ Kg7 39.Qb7+ Kh6 40.
Qh1+ Kg5 41.c5 Qe2+ 42.Kd6 f3 43.c6 Qd2+ 44.Ke7 Qe3+ 45.Kd7 Qd4+ 46.Ke6 f2
47.Qc1+ Qf4 48.Qf1 Qg4+ 49.Kf7 Qg1 50.c7 Qxf1 51.c8=Q Qd3 52.Qc1+ Kg4 0-1

[Event "Visma Chess GM"]
[Site "Vaxjo"]
[Date "2015.06.28"]
[Round "9"]
[White "Berg, Emanuel"]
[Black "Johansson, Linus"]
[Result "1-0"]
[WhiteElo "2558"]
[BlackElo "2391"]

1.e4 e6 2.d4 d5 3.Nc3 Nf6 4.Bg5 Bb4 5.e5 h6 6.Be3 Ne4 7.Qg4 g6 8.a3 Bxc3+ 
9.bxc3 Nxc3 10.Bd3 b6 11.h4 Ba6 12.h5 g5 13.Nh3 Kd7 14.f4 Bxd3 15.cxd3 
gxf4 16.Qxf4 Rh7 17.Nf2 Kc8 18.Ng4 Kb7 19.Nxh6 Qe8 20.Rc1 Na4 21.O-O Qb5 
22.Nxf7 Nd7 23.Rxc7+ Kxc7 24.Rc1+ Nac5 25.dxc5 bxc5 26.Ng5 Re7 27.Bxc5 
Nxc5 28.d4 Kd7 29.Rxc5 Qb1+ 30.Rc1 Qb2 31.Nf3 Rg7 32.Nh4 Rf8 33.Qxf8 Qxc1+
34.Kh2 Qh6 35.g4 Qd2+ 36.Ng2 Re7 37.Qf4 Qd3 38.g5 Qxa3 39.g6 Qd3 40.Qg5 
Re8 41.h6 a5 42.g7 Qh7 43.Nf4 Qe4 44.Ng2 Qh7 45.Nf4 Qe4 46.Kg3 Qe3+ 47.Kg4
Qg1+ 48.Kh5 Qh1+ 49.Kg6 Qe4+ 50.Kf7 Qh7 51.Nh5 Qg8+ 52.Kg6 Rf8 53.Qf6 1-0

[Event "Visma Chess GM"]
[Site "Vaxjo"]
[Date "2015.06.28"]
[Round "9"]
[White "Ochsner, Bjorn Moller"]
[Black "Svane, Rasmus"]
[Result "1/2-1/2"]
[WhiteElo "2413"]
[BlackElo "2520"]

1.e4 e6 2.d4 d5 3.Nc3 Nf6 4.e5 Nfd7 5.f4 c5 6.Nf3 Be7 7.Be3 b6 8.Qd2 O-O 
9.Nd1 a5 10.c3 a4 11.Bf2 Nc6 12.Bb5 Ndb8 13.O-O Ba6 14.Bxa6 Nxa6 15.Ne3 
Qd7 16.g4 b5 17.Rad1 Rfd8 18.f5 b4 19.f6 gxf6 20.exf6 Bxf6 21.g5 Bg7 22.
Ng4 bxc3 23.bxc3 e5 24.Nfxe5 Nxe5 25.Nxe5 Bxe5 26.dxe5 d4 27.cxd4 Qg4+ 28.
Kh1 Qe4+ 29.Kg1 Qg4+ 30.Kh1 Qe4+ 31.Kg1 Qg4+ 32.Kh1 1/2-1/2

[Event "Visma Chess GM"]
[Site "Vaxjo"]
[Date "2015.06.28"]
[Round "9"]
[White "Smith, Axel"]
[Black "Westerberg, Jonathan"]
[Result "0-1"]
[WhiteElo "2452"]
[BlackElo "2443"]

1.d4 d5 2.c4 dxc4 3.e3 b5 4.a4 b4 5.Qf3 c6 6.Bxc4 Nf6 7.Nd2 e6 8.Ne2 Be7 
9.O-O O-O 10.e4 Ba6 11.b3 c5 12.Bb2 Bb7 13.Rfd1 cxd4 14.Nxd4 Nbd7 15.Qe2 
Nc5 16.f3 Rc8 17.Nf1 Qc7 18.Ne3 Qb8 19.Kh1 Bd6 20.Nf1 Nh5 21.Qf2 Be7 22.
Ne2 Bf6 23.Bxf6 Nxf6 24.Nd4 a6 25.Nc2 a5 26.Nd4 Rfd8 27.Nb5 Qe5 28.Qg3 
Qxg3 29.hxg3 Kf8 30.Nd6 Rb8 31.Rd2 Ke7 32.Rad1 Ba6 33.Bxa6 Nxa6 34.Nc4 
Rdc8 35.Nxa5 Nc5 36.Rd6 Ra8 37.Nc6+ Ke8 38.Nxb4 Nxb3 39.Nc6 Nc5 40.Ne5 
Ncxe4 41.fxe4 Nxe4 42.Kg1 Nxd6 43.Rxd6 Rxa4 44.Rd1 f6 45.Nf3 Ke7 46.Rb1 
Rc7 47.Rb2 Rca7 48.Rb8 Ra1 49.Nd4 Kf7 50.Nc2 Rc1 51.Rb2 Rc7 52.Ne3 f5 53.
Kf2 g5 54.Nd2 Kf6 55.Rb6 Rd7 56.Rb2 g4 57.Ra2 h5 58.Ke2 Rc6 59.Ra8 Rd4 60.
Rh8 Kg6 61.Rg8+ Kh7 62.Rb8 Kg7 63.Ra8 Rc7 64.Re8 Rc6 65.Ra8 Rb4 66.Ra2 Kf6
67.Nc2 Rb8 68.Ne3 e5 69.Nec4 Rd8 70.Ra5 Rd4 71.Ne3 f4 72.gxf4 exf4 73.Rxh5
fxe3 74.Rh6+ Ke5 75.Rxc6 exd2 76.Kd1 Ke4 77.Rc3 Rd3 78.Rc4+ Kf5 79.g3 Rxg3
80.Kxd2 Rf3 81.Ke2 Kg5 82.Rc1 Kh4 83.Rh1+ Kg3 84.Rg1+ Kh3 85.Rh1+ Kg2 86.
Rh5 Rf8 87.Rh7 g3 88.Rh6 Kg1 89.Rh3 g2 90.Rh7 Re8+ 91.Kd2 Re5 92.Kd3 Kf2 
93.Rf7+ Kg3 94.Rg7+ Kf3 95.Rg8 Re3+ 96.Kd2 Re4 97.Rf8+ Rf4 98.Rg8 Rg4 99.
Rc8 g1=Q 100.Rc4 Rxc4 0-1

[Event "Visma Chess IM A"]
[Site "Vaxjo"]
[Date "2015.06.28"]
[Round "9"]
[White "Kvisvik, Brede Alexander"]
[Black "Livner, Anders"]
[Result "1-0"]
[WhiteElo "2293"]
[BlackElo "2347"]

1.d4 d5 2.c4 c6 3.cxd5 cxd5 4.Bf4 Nf6 5.e3 Qb6 6.Nc3 Qxb2 7.Bb5+ Bd7 8.
Bxd7+ Nbxd7 9.Nge2 Qa3 10.O-O a6 11.Rb1 b6 12.Bc7 e6 13.Bxb6 Nxb6 14.Rxb6 
Be7 15.Qd3 O-O 16.Rfb1 Rfc8 17.R1b3 Qa5 18.f3 g6 19.e4 dxe4 20.fxe4 Rd8 
21.Rc6 Qh5 22.Qf3 Qh6 23.Rb7 Rd7 24.Rcc7 Rxc7 25.Rxc7 Kf8 26.e5 Nd5 27.
Nxd5 exd5 28.Nf4 Rb8 29.h3 Qh4 30.Kh2 Rb2 31.Nxd5 Rf2 32.Qg4 Qxg4 33.hxg4 
Bg5 34.a4 Ra2 35.Nc3 Bf4+ 36.Kh3 Ra3 37.g3 Be3 38.Rc8+ Kg7 39.d5 Bd4 40.e6
fxe6 41.Rc7+ Kh6 42.dxe6 Rb3 43.Ne4 g5 44.e7 Rb8 45.Nd6 1-0

[Event "Visma Chess IM A"]
[Site "Vaxjo"]
[Date "2015.06.28"]
[Round "9"]
[White "Lindgren, Philip"]
[Black "Frisk, Ellinor"]
[Result "1-0"]
[WhiteElo "2374"]
[BlackElo "2249"]

1.d4 d5 2.c4 c6 3.Nf3 Nf6 4.Nc3 dxc4 5.a4 Bf5 6.e3 e6 7.Bxc4 Bb4 8.O-O O-O
9.Qe2 Bg4 10.h3 Bh5 11.Rd1 Nbd7 12.e4 Qa5 13.e5 Nd5 14.Nxd5 cxd5 15.Bd3 
Bg6 16.Ng5 Be7 17.Bxg6 hxg6 18.h4 Rac8 19.Qg4 Rc4 20.Nxe6 Nxe5 21.Qh3 fxe6
22.Qxe6+ Nf7 23.Qxe7 Rxa4 24.b4 Qb5 25.Rxa4 Qxa4 26.Re1 Nd8 27.Bf4 Nc6 28.
Qe6+ Kh7 29.h5 gxh5 30.Qxd5 Qxb4 31.Qxh5+ Kg8 32.Qd5+ Kh7 33.Re3 Rxf4 34.
Rh3+ Kg6 35.Qe6+ Rf6 36.Qe8+ Kf5 37.Rf3+ Kg5 38.Rg3+ Kf5 39.Qd7+ Ke4 40.
Re3+ Kf4 41.g3+ Kg5 42.Qxg7+ Rg6 43.f4+ Kf5 44.Qf7+ Rf6 45.Qh5# 1-0

[Event "Visma Chess IM A"]
[Site "Vaxjo"]
[Date "2015.06.28"]
[Round "9"]
[White "Rydstrom, Tom"]
[Black "Milchev, Nikolay"]
[Result "1-0"]
[WhiteElo "2282"]
[BlackElo "2395"]

1.e4 e5 2.Bc4 Nf6 3.d3 Nc6 4.Nf3 h6 5.c3 d6 6.Bb3 g6 7.O-O Bg7 8.Re1 O-O 
9.Nbd2 Bd7 10.Nf1 Nh5 11.Be3 Qe8 12.d4 Bg4 13.d5 Ne7 14.h3 Bd7 15.Qd2 g5 
16.g4 Nf4 17.Kh2 f5 18.exf5 Nxf5 19.gxf5 Qh5 20.Ng1 Nxh3 21.Ng3 Qh4 22.
Nxh3 g4 23.Bc2 Qxh3+ 24.Kg1 Rf7 25.Be4 Raf8 26.Qd3 Bf6 27.Qf1 Qh4 28.Qg2 
h5 29.Qh2 Qxh2+ 30.Kxh2 Rh7 31.Rg1 Rff7 32.Kg2 h4 33.Ne2 Rfg7 34.Kf1 Rh5 
35.Ke1 Bxf5 36.Bxf5 Rxf5 37.a4 a5 38.b4 b6 39.bxa5 bxa5 40.c4 Rf3 41.Kd2 
Bg5 42.Bxg5 Rxg5 43.Rh1 h3 44.Rag1 Rg7 45.Rh2 e4 46.Rg3 Kh7 47.Rxf3 exf3 
48.Nf4 Re7 49.Nxh3 Re2+ 50.Kd3 g3 51.Rh1 g2 52.Rg1 Kh6 53.Rxg2 1-0

[Event "Visma Chess IM A"]
[Site "Vaxjo"]
[Date "2015.06.28"]
[Round "9"]
[White "Shkuran, Daniil"]
[Black "Carstensen, Jacob"]
[Result "1/2-1/2"]
[WhiteElo "2389"]
[BlackElo "2358"]

1.e4 c5 2.Nf3 d6 3.d4 cxd4 4.Nxd4 Nf6 5.Nc3 g6 6.g3 Nc6 7.Nde2 b6 8.Bg2 
Ba6 9.O-O Bg7 10.h3 O-O 11.Re1 Rc8 12.a4 Qd7 13.Nf4 e6 14.h4 h5 15.Bh3 
Rfd8 16.Nfd5 Ng4 17.Ne3 f5 18.Nxg4 fxg4 19.Bg2 Rf8 20.a5 Nxa5 21.Bf4 Qf7 
22.e5 dxe5 23.Be3 Rcd8 24.Qc1 Bb7 25.Ne4 Qf5 26.b4 Nc4 27.Rxa7 Rd7 28.Rxb7
Rxb7 29.Nf6+ Bxf6 30.Bxb7 e4 31.Bf4 e3 32.fxe3 Bc3 33.Rd1 Ne5 34.Kg2 Nf3 
35.Rf1 Qf7 36.Bc6 e5 37.e4 Rd8 38.Bg5 Rd6 39.b5 Qc4 40.Qb1 Nxg5 41.hxg5 
Rxc6 42.bxc6 Qxe4+ 43.Kh2 Qe2+ 44.Kh1 Qe4+ 1/2-1/2

[Event "Visma Chess IM A"]
[Site "Vaxjo"]
[Date "2015.06.28"]
[Round "9"]
[White "Cederstam Barsk, Carl"]
[Black "Pettersson, Anders"]
[Result "1/2-1/2"]
[WhiteElo "2336"]
[BlackElo "2310"]

1.Nf3 c5 2.e4 g6 3.c3 Nf6 4.e5 Nd5 5.d4 cxd4 6.cxd4 Bg7 7.Qb3 Nb6 8.a4 d6 
9.a5 Be6 10.Qb5+ Bd7 11.Qb3 Be6 12.Qb5+ Bd7 13.Qb3 Be6 14.Qb5+ Bd7 15.Qb3 
Be6 1/2-1/2

[Event "Visma Chess IM B"]
[Site "Vaxjo"]
[Date "2015.06.28"]
[Round "9"]
[White "Christiansen, Johan-Sebastian"]
[Black "Fries-Nielsen, Jens Ove"]
[Result "1-0"]
[WhiteElo "2397"]
[BlackElo "2442"]

1.Nf3 e6 2.c4 Ne7 3.g3 Nbc6 4.d4 d5 5.Bg2 Nf5 6.O-O Be7 7.e3 O-O 8.Nc3 
dxc4 9.Qe2 Na5 10.Rd1 Nd6 11.e4 Bd7 12.d5 exd5 13.Nxd5 Re8 14.e5 Nc8 15.
Nxe7+ Qxe7 16.Bg5 f6 17.Bh4 c3 18.Qd3 cxb2 19.Rab1 Nb6 20.exf6 gxf6 21.Qc3
Nac4 22.Bxf6 Qf7 23.Ng5 Qg6 24.Bf1 Nd6 25.Qb3+ Kf8 26.Rxd6 cxd6 27.Bd3 Ba4
28.Qa3 Nc4 29.Qc3 1-0

[Event "Visma Chess IM B"]
[Site "Vaxjo"]
[Date "2015.06.28"]
[Round "9"]
[White "Von Bahr, Oskar"]
[Black "Pohjala, Henri"]
[Result "1-0"]
[WhiteElo "2381"]
[BlackElo "2404"]

1.c4 c6 2.g3 d5 3.Nf3 Nf6 4.Bg2 g6 5.cxd5 cxd5 6.d4 Bg7 7.Nc3 O-O 8.Ne5 e6
9.O-O Nfd7 10.Nf3 Nc6 11.Bf4 a6 12.Rc1 h6 13.e4 dxe4 14.Nxe4 Qb6 15.d5 
exd5 16.Qxd5 Rd8 17.Nd6 Kh7 18.Bxh6 Nde5 19.Bxg7 Nxf3+ 20.Qxf3 Rxd6 21.Bf8
Rd7 22.Rcd1 Kg8 23.Qf6 Kxf8 24.Qh8+ Ke7 25.Rfe1+ 1-0

[Event "Visma Chess IM B"]
[Site "Vaxjo"]
[Date "2015.06.28"]
[Round "9"]
[White "Bellon Lopez, Juan Manuel"]
[Black "Rahul Kumar, Pune"]
[Result "0-1"]
[WhiteElo "2374"]
[BlackElo "2138"]

1.b3 d6 2.Bb2 e5 3.d4 exd4 4.Qxd4 Nc6 5.Qd2 Nf6 6.g3 Bf5 7.Bg2 Be7 8.Nc3 
O-O 9.e4 Bd7 10.Nge2 Re8 11.h3 Bf8 12.O-O-O b5 13.Qf4 Ne5 14.Rhe1 Ng6 15.
Qe3 c6 16.Nf4 b4 17.Nce2 a5 18.Nxg6 hxg6 19.Kb1 a4 20.f4 axb3 21.axb3 Qa5 
22.Qd3 d5 23.e5 Bf5 24.Qe3 Be4 25.Qd2 Qa2+ 26.Kc1 Ra3 27.Nd4 Rea8 28.Qf2 
Bc5 29.exf6 Rxb3 30.Rxe4 Qxb2+ 31.Kd2 dxe4 32.Ke1 Rba3 33.f5 Ra1 0-1

[Event "Visma Chess IM B"]
[Site "Vaxjo"]
[Date "2015.06.28"]
[Round "9"]
[White "Drugge, Patrick"]
[Black "Olofsson-Dolk, Mattis"]
[Result "1-0"]
[WhiteElo "2175"]
[BlackElo "2238"]

1.e4 c5 2.Nc3 a6 3.g3 b5 4.Bg2 Bb7 5.d3 e6 6.f4 d5 7.Nh3 b4 8.Ne2 dxe4 9.
Ng5 Nf6 10.O-O Be7 11.Nxe4 Nxe4 12.Bxe4 Bxe4 13.dxe4 Qc7 14.c3 O-O 15.Be3 
Qb7 16.Qc2 Nd7 17.e5 Rac8 18.Rad1 Rfd8 19.c4 h5 20.Nc1 Nb6 21.Nb3 Rxd1 22.
Rxd1 h4 23.Nd2 hxg3 24.hxg3 Rd8 25.Rc1 g6 26.Qe4 Qd7 27.b3 a5 28.Kf2 a4 
29.Rh1 Kg7 30.Rh2 Rh8 31.Rxh8 Kxh8 32.Qh1+ Kg7 33.Ne4 Qc6 34.f5 exf5 35.
Bh6+ Kh8 36.Bf8+ Kg8 37.Nf6+ 1-0